Job redesign : critical perspectives on the labour process
Αποθηκεύτηκε σε:
| Άλλοι συγγραφείς: | , , |
|---|---|
| Μορφή: | Βιβλίο |
| Γλώσσα: | English |
| Δημοσίευση: |
Aldershot, Hants, England : Brookfield, Vt., U.S.A. :
Gower,
1985
|
| Θέματα: | |
| Ετικέτες: |
Προσθήκη ετικέτας
Δεν υπάρχουν, Καταχωρήστε ετικέτα πρώτοι!
|
MARC
| LEADER | 00000cam a2200000 i 4500 | ||
|---|---|---|---|
| 001 | 1/25199 | ||
| 008 | 960213s1985 eng d | ||
| 020 | |a 0566008858 ((pbk.)) | ||
| 035 | |l 10022443 | ||
| 040 | |a GR-MY-UA |b gre |e aacr | ||
| 041 | 0 | |a eng | |
| 082 | 0 | |a 658.306 | |
| 245 | 1 | 0 | |a Job redesign : |b critical perspectives on the labour process / |c edited by David Knights, Hugh Willmott, David Collinson |
| 260 | |a Aldershot, Hants, England : |a Brookfield, Vt., U.S.A. : |b Gower, |c 1985 | ||
| 300 | |a 236 p.; |b ill.; |c 23 cm | ||
| 504 | |a Includes bibliographies and index | ||
| 650 | 0 | 0 | |a Work design. |
| 700 | 1 | |a Knights, David. | |
| 700 | 1 | |a Willmott, Hugh. | |
| 700 | 1 | |a Collinson, David. | |
| 852 | |a INST |b CHIOS |e 19960213 |h 658.306 JOB |p 005200001987 |q 005200001987 |t BK |y 0 | ||
| 909 | |a Χ |b 010974 | ||